|
|
|
|
| LEADER |
00000cam a22000004a 4500 |
| 001 |
musev2_3480 |
| 003 |
MdBmJHUP |
| 005 |
20230905040433.0 |
| 006 |
m o d |
| 007 |
cr||||||||nn|n |
| 008 |
070313s2007 mdu o 00 0 eng d |
| 010 |
|
|
|z 2007010558
|
| 020 |
|
|
|a 9781421429281
|
| 020 |
|
|
|z 9780801886867
|
| 020 |
|
|
|z 9781421402017
|
| 035 |
|
|
|a (OCoLC)794701426
|
| 040 |
|
|
|a MdBmJHUP
|c MdBmJHUP
|
| 043 |
|
|
|a n-us---
|
| 050 |
0 |
4 |
|a BT732.5
|b .C88 2007
|
| 082 |
0 |
|
|a 234/.131097309034
|2 22
|
| 100 |
1 |
|
|a Curtis, Heather D.
|
| 245 |
1 |
0 |
|a Faith in the Great Physician :
|b Suffering and Divine Healing in American Culture, 1860-1900 /
|c Heather D. Curtis.
|
| 264 |
|
1 |
|a Baltimore :
|b Johns Hopkins University Press,
|c 2007.
|
| 264 |
|
3 |
|a Baltimore, Md. :
|b Project MUSE,
|c 2012
|
| 264 |
|
4 |
|c ©2007.
|
| 300 |
|
|
|a 1 online resource (288 pages):
|b ill. ;
|
| 336 |
|
|
|a text
|b txt
|2 rdacontent
|
| 337 |
|
|
|a computer
|b c
|2 rdamedia
|
| 338 |
|
|
|a online resource
|b cr
|2 rdacarrier
|
| 504 |
|
|
|a Includes bibliographical references (p. [241]-259) and index.
|
| 505 |
0 |
|
|a A thorn in the flesh : pain, illness, and religion in mid-nineteenth-century America -- Resisting resignation : the rise of religious healing in the late-nineteenth century -- Acting faith : the devotional ethics and gendered dynamics of divine healing -- The use of means : divine healing as devotional practice -- Houses of healing : sacred space, social geography, and gender in divine healing -- The Lord for the body, the gospel for the nations : divine healing and social reform.
|
| 506 |
0 |
|
|a Open Access
|f Unrestricted online access
|2 star
|
| 588 |
|
|
|a Description based on print version record.
|
| 650 |
2 |
2 |
|a Religion and Psychology
|z United States.
|
| 650 |
2 |
2 |
|a History, 19th Century
|z United States.
|
| 650 |
1 |
2 |
|a Faith Healing
|x history
|z United States.
|
| 650 |
|
0 |
|a Spiritual healing
|z United States
|x History
|y 19th century.
|
| 655 |
|
7 |
|a Electronic books.
|2 local
|
| 710 |
2 |
|
|a Project Muse.
|e distributor
|
| 830 |
|
0 |
|a Book collections on Project MUSE.
|
| 856 |
4 |
0 |
|z Texto completo
|u https://projectmuse.uam.elogim.com/book/3480/
|
| 945 |
|
|
|a Project MUSE - Archive Complete Foundation
|
| 945 |
|
|
|a Project MUSE - Archive Philosophy and Religion Foundation
|